<marc:collection xmlns:xsi="http://www.w3.org/2001/XMLSchema-instance" xmlns:marc="http://www.loc.gov/MARC21/slim" xsi:schemaLocation="http://www.loc.gov/MARC21/slim http://www.loc.gov/standards/marcxml/schema/MARC21slim.xsd">
    <marc:record>
        <marc:leader>     nam a22      c 4500</marc:leader>
        <marc:controlfield tag="001">tlrp.24/752030502</marc:controlfield>
        <marc:controlfield tag="003">nljbp</marc:controlfield>
        <marc:controlfield tag="005">250625023354.8</marc:controlfield>
        <marc:controlfield tag="007">cr |||||||||||</marc:controlfield>
        <marc:controlfield tag="008">250624s2025    ne |||||||||||||||||eng|d</marc:controlfield>
        <marc:datafield tag="010" ind1=" " ind2=" ">
            <marc:subfield code="a">  2025007550</marc:subfield>
        </marc:datafield>
        <marc:datafield tag="020" ind1=" " ind2=" ">
            <marc:subfield code="a">9789027244864</marc:subfield>
            <marc:subfield code="q">(e-Book)</marc:subfield>
        </marc:datafield>
        <marc:datafield tag="040" ind1=" " ind2=" ">
            <marc:subfield code="a">nljbp</marc:subfield>
            <marc:subfield code="b">eng</marc:subfield>
            <marc:subfield code="c">nljbp</marc:subfield>
            <marc:subfield code="d">nljbp</marc:subfield>
        </marc:datafield>
        <marc:datafield tag="050" ind1="0" ind2="0">
            <marc:subfield code="a">P305</marc:subfield>
        </marc:datafield>
        <marc:datafield tag="084" ind1=" " ind2=" ">
            <marc:subfield code="a">CFM</marc:subfield>
            <marc:subfield code="q">bicssc</marc:subfield>
        </marc:datafield>
        <marc:datafield tag="084" ind1=" " ind2=" ">
            <marc:subfield code="a">LAN009000</marc:subfield>
            <marc:subfield code="q">bisacsh</marc:subfield>
        </marc:datafield>
        <marc:datafield tag="245" ind1="0" ind2="0">
            <marc:subfield code="a">Terminology throughout History</marc:subfield>
            <marc:subfield code="b">A discipline in the making</marc:subfield>
            <marc:subfield code="c">Edited by Kara Warburton and John Humbley</marc:subfield>
        </marc:datafield>
        <marc:datafield tag="264" ind1=" " ind2="1">
            <marc:subfield code="a">Amsterdam ;</marc:subfield>
            <marc:subfield code="a">Philadelphia :</marc:subfield>
            <marc:subfield code="b">John Benjamins Publishing Company,</marc:subfield>
            <marc:subfield code="c">2025</marc:subfield>
        </marc:datafield>
        <marc:datafield tag="264" ind1=" " ind2="4">
            <marc:subfield code="c">©2025</marc:subfield>
        </marc:datafield>
        <marc:datafield tag="300" ind1=" " ind2=" ">
            <marc:subfield code="a">1 online resource (ix, 678 pp. )</marc:subfield>
        </marc:datafield>
        <marc:datafield tag="336" ind1=" " ind2=" ">
            <marc:subfield code="a">text</marc:subfield>
            <marc:subfield code="b">txt</marc:subfield>
            <marc:subfield code="2">rdacontent</marc:subfield>
        </marc:datafield>
        <marc:datafield tag="337" ind1=" " ind2=" ">
            <marc:subfield code="a">computer</marc:subfield>
            <marc:subfield code="b">c</marc:subfield>
            <marc:subfield code="2">rdamedia</marc:subfield>
        </marc:datafield>
        <marc:datafield tag="338" ind1=" " ind2=" ">
            <marc:subfield code="a">online resource</marc:subfield>
            <marc:subfield code="b">cr</marc:subfield>
            <marc:subfield code="2">rdacarrier</marc:subfield>
        </marc:datafield>
        <marc:datafield tag="490" ind1="0" ind2=" ">
            <marc:subfield code="a">Terminology and Lexicography Research and Practice</marc:subfield>
            <marc:subfield code="x">1388-8455</marc:subfield>
            <marc:subfield code="v">24</marc:subfield>
        </marc:datafield>
        <marc:datafield tag="504" ind1=" " ind2=" ">
            <marc:subfield code="a">Includes bibliographical references and index.</marc:subfield>
        </marc:datafield>
        <marc:datafield tag="505" ind1="0" ind2=" ">
            <marc:subfield code="a">Terminology throughout history / John Humbley and Kara Warburton -- Chapter 1. Terminology in Antiquity / Michele Fruyt -- Chapter 2. Terminology at the end of the Middle Ages in France / Joëlle Ducos, Michèle Goyens, Inge Fourneau and Fleur Vigneron -- Chapter 3. Terminology in the 17th and 18th centuries / Maria Teresa Zanola -- Chapter 4. Exploring terminological processes in the 19th century / Beatrice Ragazzini -- Chapter 5. Peirce and philosophical terminology / Claudia Stancati -- Chapter 6. Paasch, pioneer of modern terminography / Marc Van Campenhoudt -- Chapter 7. Terminology science, international languages, and knowledge communication / Natascia Leonardi -- Chapter 8. Wüster’s ideas on language, linguistics and terminology / Mitja Trojar -- Chapter 9. The Prague School of Terminology / Dominika Kováríková -- Chapter 10. Terminology science of the Soviet Union and Russia / Tatiana Orel -- Chapter 11. Socioterminology and Textual terminology / Anne Condamines, Valérie Delavigne, François Gaudin and Aurélie Picton -- Chapter 12. Terminology in Canada / Aline Francœur -- Chapter 13. Terminology in Spain and its place in the world / Amparo Alcina -- Chapter 14. Terminology in Mexico / María Pozzi -- Chapter 15. The Nordic Terminology Community / Lise Lotte Weilgaard Christensen, Hanne Erdman Thomsen, Bodil Nistrup Madsen, Anna-Lena Bucher, Henrik Nilsson, Claudia Dobrina, Håvard Hjulstad, Åsa Holmér, Johan Myking, Anita Nuopponen, Sirpa Suhonen, Anu Ylisalmi and Ágústa Þorbergsdóttir -- Chapter 16. Terminology in Lithuania / Albina Auksoriute -- Chapter 17. The evolution of terminology standardisation / Christian Galinski -- Chapter 18. Cultural terminology / Marcel Diki-Kidiri -- Chapter 19. Terminology in the Arab world / Andrée Affeich and Rima Baraké -- Chapter 20. Terminology cooperation in the EU — IATE / Annamaria Fotos, John Kirby and Riitta Majaniemi -- Chapter 21. Terminology in France / Danielle Candel -- Chapter 22. Terminology in Germany / Klaus-Dirk Schmitz -- Chapter 23. Terminology in Greece / Kostas Valeontis, Panagiotis G. Krimpas, Katerina Toraki, Marianna Katsoyannou, Mavina Pantazara, George Tsiamas, Afroditi Giovani and Anna Anastassiadis-Syméonidis -- Chapter 24. Terminology in Hungary / Ágota Fóris -- Chapter 25. Terminology in Indonesia / Jerome Samuel -- Chapter 26. Terminology in Italy / Claudio Grimaldi -- Chapter 27. Terminology in North Macedonia / Nikolche Mickoski -- Chapter 28. Terminology in Slovakia / Jana Levická and Miroslav Zumrík -- Chapter 29. Terminology in South Africa / Marietta Alberts -- Chapter 30. Terminology in Switzerland / Bruno de Bessé, Aurélie Picton and Donatella Pulitano -- Chapter 31. Terminology in Wales / Delyth Prys, Tegau Andrews and Gruffudd Prys -- About the authors</marc:subfield>
        </marc:datafield>
        <marc:datafield tag="520" ind1=" " ind2=" ">
            <marc:subfield code="a">Terminology throughout History: A discipline in the making is a collection of individual contributions by leading terminology scholars from around the globe who describe historical developments of terminology as a discipline and a field of practice. Its aim is to provide a comprehensive written record of the history of terminology as it evolves from a set of practices to a discipline in its own right. Terminology has witnessed considerable theoretical and methodological developments in recent decades. These changes need to be understood within the context of their historical foundations. The book has three main focus areas. The first examines the prehistory of terminology, going back to the Ancient World, leading to the second, where the pioneers of modern terminology, Eugen Wüster in particular, are placed in their historical context. The final section is an account of how terminology developed in some twenty countries and language communities.</marc:subfield>
            <marc:subfield code="c">Provided by publisher.</marc:subfield>
        </marc:datafield>
        <marc:datafield tag="650" ind1="0" ind2="4">
            <marc:subfield code="a">History of linguistics</marc:subfield>
        </marc:datafield>
        <marc:datafield tag="650" ind1="0" ind2="4">
            <marc:subfield code="a">Lexicography</marc:subfield>
        </marc:datafield>
        <marc:datafield tag="650" ind1="0" ind2="4">
            <marc:subfield code="a">Terminology</marc:subfield>
        </marc:datafield>
        <marc:datafield tag="700" ind1="1" ind2=" ">
            <marc:subfield code="a">Warburton, Kara</marc:subfield>
            <marc:subfield code="e">editor</marc:subfield>
        </marc:datafield>
        <marc:datafield tag="700" ind1="1" ind2=" ">
            <marc:subfield code="a">Humbley, John</marc:subfield>
            <marc:subfield code="e">editor</marc:subfield>
        </marc:datafield>
        <marc:datafield tag="776" ind1="1" ind2=" ">
            <marc:subfield code="i">Hardbound version:</marc:subfield>
            <marc:subfield code="d">Amsterdam ; Philadelphia : John Benjamins Publishing Company, 2025</marc:subfield>
            <marc:subfield code="z">9789027220295</marc:subfield>
        </marc:datafield>
        <marc:datafield tag="856" ind1="4" ind2="0">
            <marc:subfield code="z">DOI</marc:subfield>
            <marc:subfield code="u">https://doi.org/10.1075/tlrp.24</marc:subfield>
        </marc:datafield>
        <marc:datafield tag="856" ind1="4" ind2="0">
            <marc:subfield code="z">JB e-Platform</marc:subfield>
            <marc:subfield code="u">https://www.jbe-platform.com/content/books/9789027244864</marc:subfield>
        </marc:datafield>
    </marc:record>
</marc:collection>